| 000 | 00688nam a2200241Ia 4500 | ||
|---|---|---|---|
| 005 | 20220426161007.0 | ||
| 008 | 131103s9999 xx 000 0 und d | ||
| 020 |
_a047118120X _cRs.6525.00 |
||
| 040 | _aLoreto College | ||
| 041 | _aEnglish | ||
| 082 |
_a157 _bDAV |
||
| 100 | _aDavison,Gerald C. | ||
| 245 |
_aAbnormal psychology _cGerald C.Davison,John M.Neale and Ann M.Kring |
||
| 250 | _a9th ed | ||
| 260 |
_aNew Jersey _bJohn Wiley _c2004 |
||
| 300 | _axviii,648p | ||
| 504 | _aIncludes bibliographical references,glossary and index | ||
| 650 | _aAbnormal psychology | ||
| 700 |
_aNeale,John M. _4Auth |
||
| 700 |
_aKring,Ann M. _4Auth |
||
| 850 | _aLCLIB | ||
| 942 | _cBK | ||
| 999 |
_c36890 _d87369 |
||